Jean Nouvel / (Record no. 353029)
[ view plain ]
| 000 -LEADER | |
|---|---|
| fixed length control field | 00702 a2200229 4500 |
| 003 - CONTROL NUMBER IDENTIFIER | |
| control field | OSt |
| 005 - DATE AND TIME OF LATEST TRANSACTION | |
| control field | 20180116192354.0 |
| 008 - FIXED-LENGTH DATA ELEMENTS--GENERAL INFORMATION | |
| fixed length control field | 120601t xxu||||| |||| 00| 0 eng d |
| 020 ## - INTERNATIONAL STANDARD BOOK NUMBER | |
| International Standard Book Number | 9783822857724 |
| 040 ## - CATALOGING SOURCE | |
| Transcribing agency | 0 |
| 082 04 - DEWEY DECIMAL CLASSIFICATION NUMBER | |
| Classification number | 720.92 |
| 100 1# - MAIN ENTRY--PERSONAL NAME | |
| Personal name | Nouvel, Jean |
| 9 (RLIN) | 3361 |
| 245 01 - TITLE STATEMENT | |
| Title | Jean Nouvel / |
| Statement of responsibility, etc. | Nouvel, Jean. |
| Number of part/section of a work | VOL. 1 |
| Name of part/section of a work | SADA(1970-1992) |
| 260 ## - PUBLICATION, DISTRIBUTION, ETC. | |
| Place of publication, distribution, etc. | London : |
| Name of publisher, distributor, etc. | Taschen , |
| Date of publication, distribution, etc. | 2008. |
| 300 ## - PHYSICAL DESCRIPTION | |
| Extent | VOL. 1 |
| Other physical details | ill. ; |
| Dimensions | 36 cm |
| 600 10 - SUBJECT ADDED ENTRY--PERSONAL NAME | |
| Personal name | Nouvel, Jean, |
| Dates associated with a name | 1945- |
| 9 (RLIN) | 3362 |
| 650 10 - SUBJECT ADDED ENTRY--TOPICAL TERM | |
| Topical term or geographic name entry element | Architecture, Modern |
| 9 (RLIN) | 3363 |
| 650 10 - SUBJECT ADDED ENTRY--TOPICAL TERM | |
| Topical term or geographic name entry element | Museum architecture |
| 9 (RLIN) | 3364 |
| 651 0# - SUBJECT ADDED ENTRY--GEOGRAPHIC NAME | |
| Geographic name | France |
| General subdivision | Architects |
| 9 (RLIN) | 3365 |
| 942 ## - ADDED ENTRY ELEMENTS (KOHA) | |
| Institution code [OBSOLETE] | SADA |
| Koha item type | Reference |
| Call number prefix | REF 720.92 NOU 2008 |
| Source of classification or shelving scheme | |
| Withdrawn status | Lost status | Source of classification or shelving scheme | Damaged status | Not for loan | Permanent Location | Current Location | Date acquired | Total Checkouts | Full call number | Barcode | Date last seen | Cost, replacement price | Price effective from | Koha item type |
|---|---|---|---|---|---|---|---|---|---|---|---|---|---|---|
| School of Art Design and Architecture (SADA) | School of Art Design and Architecture (SADA) | 04/19/2011 | REF 720.92 NOU 2008 | SADA0000964 | 08/05/2011 | 7318.00 | 08/05/2011 | Reference |
